00199nam a2200073Ia 4500082001200000245002300012100004900035008004100084 aAF DAVI 0aLiefde vir Elanie  a DAVIES, Elize Pretoria, 2006 1ste druk 210817s9999 xx 000 0 und d